Statistics for name the cuphead boss

Click here to take the quiz!

General Stats

  • This quiz has been taken 16 times
  • The average score is 5 of 7

Answer Stats

HintAnswer% Correct
Grim NatwickGrim Matchstick
78%
Prohibition era bugsMoonshine Mob
78%
Bird and his dumb sonWally Warbles
78%
monarch gambling deviceKing Dice
67%
German RatWerner Werman
67%
HindenbergHilda Berg
56%
The Ice KingMortimer Freeze
56%

Score Distribution

Percentile by Number Answered

Percent of People with Each Score

Your Score History

You have not taken this quiz